00508nam a2200193 a 4500001001300000003000900013005001700022008004100039020001000080082001500090100002300105245004600128260002600174300000800200500003500208505001000243650003800253700002300291nice12345678IN_TiNIC20260116011950.0050524s1960 dela grp 000 0 urd  ac10000a297.8bSAH aSahir, Mubarakpuri aTaarruf-O-Tabsira Bar Kitab Ali-O-Hussain aDelhibTaj Co.,c1960 a16p aincludes index and biblioraphy2 aIndex aIslam-Sects-Conflicts-Sunni-Shiah1 aSahir, Mubarakpuri